Gower handbook of training and development / (Record no. 3138)

000 -LEADER
fixed length control field nam a22 a 4500
003 - CONTROL NUMBER IDENTIFIER
control field AKAML
005 - DATE AND TIME OF LATEST TRANSACTION
control field 20170519123201.0
008 - FIXED-LENGTH DATA ELEMENTS--GENERAL INFORMATION
fixed length control field 170519s1991 -uk 00 eng d
020 ## - INTERNATIONAL STANDARD BOOK NUMBER
International Standard Book Number 056607446X:
Terms of availability str 55.00
040 ## - CATALOGING SOURCE
Original cataloging agency AKMAL
Transcribing agency AKMAL
082 04 - DEWEY DECIMAL CLASSIFICATION NUMBER
Classification number 658.3 HAN
090 ## - LOCALLY ASSIGNED LC-TYPE CALL NUMBER (OCLC); LOCAL CALL NUMBER (RLIN)
Classification number (OCLC) (R) ; Classification number, CALL (RLIN) (NR) 658.3
Local cutter number (OCLC) ; Book number/undivided call number, CALL (RLIN) HAN
245 1# - TITLE STATEMENT
Title Gower handbook of training and development /
Statement of responsibility, etc. edited by John Prior
250 ## - EDITION STATEMENT
Edition statement 2nd ed.
260 ## - PUBLICATION, DISTRIBUTION, ETC.
Place of publication, distribution, etc. Aldershot, Hampshire :
Name of publisher, distributor, etc. Gower,
Date of publication, distribution, etc. 1991
300 ## - PHYSICAL DESCRIPTION
Extent xxxvii, 596p. :
Other physical details ill. ;
Dimensions 24cm
504 ## - BIBLIOGRAPHY, ETC. NOTE
Bibliography, etc. note Includes bibliographical references and index
650 ## - SUBJECT ADDED ENTRY--TOPICAL TERM
Topical term or geographic name entry element Employees
General subdivision Training of
-- Handbooks, manuals,etc.
9 (RLIN) 6485
650 ## - SUBJECT ADDED ENTRY--TOPICAL TERM
Topical term or geographic name entry element Personnel management
Form subdivision Handbooks, manuals, etc.
9 (RLIN) 6486
700 1# - ADDED ENTRY--PERSONAL NAME
Personal name Prior, John,
Dates associated with a name 1933-
9 (RLIN) 6487
942 ## - ADDED ENTRY ELEMENTS (KOHA)
Source of classification or shelving scheme
Koha item type Book
Holdings
Withdrawn status Lost status Source of classification or shelving scheme Damaged status Not for loan Collection code Home library Current library Shelving location Date acquired Inventory number Total Checkouts Full call number Barcode Date last seen Price effective from Koha item type
          NON-FICTION AKMAL Melaka AKMAL Melaka PINJAMAN 19.05.2017 001695   658.3 HAN 201704016 19.05.2017 19.05.2017 Book
Pusat Sumber Maklumat Dato' Haji Sarmin Md Hussin, Akademi Kastam Diraja Malaysia, Melaka
Tel: 06-2331106 | Faks: 06-2313787